Normale Ansicht MARC-Ansicht

Eintrag Personenname

Verwendet in 1 Titel(n)

001 - Kontrollnummer

  • Kontrollfeld: 4919

003 - Kontrollnummer Identifier

  • Kontrollfeld: RU-10907106

005 - Datum und Zeit der letzten Transaktion

  • Kontrollfeld: 20220331180814.0

008 - Datenelemente mit fester Länge

  • Kontrollfeld mit fester Länge: 220331|| aca||aabn | a|a d

040 ## - Katalogisierungsquelle

  • Original-Katalogisierungsstelle: RU-10907106
  • Übertragungsstelle: RU-10907106

100 ## - Ansetzung - Personenname

  • Personenname: Bertelsen, Olga

670 ## - Datenquelle

  • Quellenangabe: Work cat.: (RU-10907106)59636: Bertelsen, Olga., In the Labyrinth of the KGB :